• 首页
  • 本馆介绍
  • 公告通知
  • 最新文献
  • 馆藏检索
  • 电子资源
  • 读者导购
  • 参考咨询
  • 我的图书馆
  • 登录
  • 详细信息显示
  • 放入我的书架
  • 预约/预借图书
  • 作者相关作品
  • 分类相关作品
  • 丛书相关作品
  • 出版社相关作品

书目信息

  • 表格格式
  • 工作单格式
  • 卡片格式
题名:
公共决策中的公民参与
    
 
作者: 托马斯 著 ;孙柏瑛 译
分册:  
出版信息: 北京   中国人民大学出版社  2005
页数: 20,188页
开本: 23cm
丛书名: 公共行政与公共管理经典译丛. 政府治理与改革系列
单 册:
中图分类: D621 , D035
科图分类:
主题词: 公共管理--行政管理--研究 , 公民--参与管理--研究--中国
电子资源:
ISBN: 7-300-06202-4
000 01501nam0 2200337 450
000 01529nam0 2200337 450
000 01462nam0 2200313 450
000 01426oam2 2200301 45
005 20070724100920.43
010    @a7-300-06202-4@dCNY25.00
100    @a20070719d2005 em y0chiy0120 ea
101 1  @achi@ceng
102    @aCN@b110000
105    @ay z 000yy
200 1  @a公共决策中的公民参与@AGong Gong Jue Ce Zhong De Gong Min Can Yu@e公共管理者的新技能与新策略@EGong Gong Guan Li Zhe De Xin Ji Neng Yu Xin Ce Lue@f(美)约翰·克莱顿·托马斯(John Clayton Thomas)著@F( Mei ) Yue Han· Ke Lai Dun· Tuo Ma Si (John Clayton Thomas) Zhu@g孙柏瑛等译
210    @a北京@c中国人民大学出版社@d2005
215    @a20,188页@d23cm
225 2  @a公共行政与公共管理经典译丛. 政府治理与改革系列
300    @a“十五”国家重点图书出版规划项目
305    @a据John Wiley & Sons, Inc.1995年版译出
330    @a本书主要讲述新公民参与运动的挑战、公民参与的初始步骤、界定相关公众、公民参与的新形式、公民参与和高效能的公共管理者等10篇。
410  0 @12001 @a公共行政与公共管理经典译丛. 政府治理与改革系列
510 1  @aPublic Participation in Public Decisions : New Skills and Strategies for Public Managers@zeng
606 0  @a公共管理@x行政管理@x研究
606 0  @a公民@x参与管理@x研究@y中国
690    @aD621@v4
690    @aD035@v4
701  1 @c(美)@a托马斯@ATuo Ma Si@g(Thomas, John Clayton)@4著
702  0 @a孙柏瑛@ASun Bai Ying@4译
801  0 @aCN@bTAOJIN@c20070724
905    @a10447@dD035@e73
    
    公共决策中的公民参与:公共管理者的新技能与新策略/(美)约翰·克莱顿·托马斯(John Clayton Thomas)著/孙柏瑛等译.-北京:中国人民大学出版社,2005
    20,188页;23cm.-(公共行政与公共管理经典译丛. 政府治理与改革系列)
    “十五”国家重点图书出版规划项目
    
    ISBN 7-300-06202-4:CNY25.00
    本书主要讲述新公民参与运动的挑战、公民参与的初始步骤、界定相关公众、公民参与的新形式、公民参与和高效能的公共管理者等10篇。
●
相关链接 在E读中查询图书 在五车中查询图书 在当当中查询图书 在豆瓣中查询图书


正题名:公共决策中的公民参与     索取号:D035/73         预约/预借

序号 登录号 条形码 馆藏地/架位号 状态 备注
1 0824202   208242025   第一样本阅览室/ [索取号:D035/73] 在馆    
2 0824203   208242034   第一借阅区/ [索取号:D035/73] 在馆    
3 0824204   208242043   密集书库/ [索取号:D035/73] 在馆    
4 0824205   208242052   密集书库/ [索取号:D035/73] 在馆    
5 0824206   208242061   第一借阅区/ [索取号:D035/73] 在馆    
6 0824207   208242070   密集书库/ [索取号:D035/73] 在馆    
7 0824208   208242089   密集书库/ [索取号:D035/73] 在馆    
8 0824209   208242098   第一借阅区/ [索取号:D035/73] 在馆    
唐山师范学院图书馆 欢迎您!
大连网信软件有限公司© 版权所有